Senický kľúčik má nových víťazov

Podrobná bibliografia
Hlavný autor: Kopecká, Dana (Autor)
Médium: Článok
Jazyk:slovenčina
Fyzický popis:Fotogr.
ISSN:0139-5769
Predmet:

MARC

LEADER 00000nab a2200000 a 4500
001 vtls000837002
003 SK-MaSNL
005 20260305041851.0
008 140302c2003 xo 0 slo
015 |a SNBRB2003/06-16901 
035 |a CLN000188657 
040 |a SNKBUCL  |b slo  |c SNKBUCL  |e AACR2 
041 0 |a slo 
044 |a xo  |c SK 
080 |a 78.091.4:784.66  |2 1997 
080 |a 784.66  |2 1997 
100 1 |a Kopecká, Dana  |4 aut  |9 995992 
245 1 0 |a Senický kľúčik má nových víťazov  |c Dana Kopecká 
300 |b Fotogr. 
611 1 7 |a Senický kľúčik  |n 8.  |d 2003  |c Senica, Slovensko  |2 snkbucl  |9 1622955 
650 0 7 |a folk  |x country  |x prehliadky  |x 2003  |2 snkbucl  |9 1622956 
651 7 |a Senica (Slovensko : okres)  |2 snkbucl  |9 74195 
655 7 |a články z novín a časopisov  |2 snkbucl  |9 267496 
773 0 |t Učiteľské noviny  |g Roč. 53, č. 23 (2003), s. 12  |x 0139-5769 
850 |a Slovenská národná knižnica v Martine 
852 |a SNK  |b KIS3GCP 
958 |a SK 
992 |a RBX 
999 |c 3345261  |d 3347191